[Event "Goa op 1st"]
[Site "Taleigao"]
[Date "2018.10.18"]
[Round "8"]
[White "Raahul, VS."]
[Black "Bakunts, Rafael"]
[Result "1-0"]
[WhiteElo "2294"]
[BlackElo "2427"]
[PlyCount "85"]
[EventDate "2018.10.13"]
[EventType "swiss"]
[EventRounds "10"]
[EventCountry "IND"]
[SourceTitle "CBM 186 Extra"]
[Source "ChessBase"]
[SourceDate "2018.08.24"]
[SourceVersion "1"]
[SourceVersionDate "2018.08.24"]
[SourceQuality "1"]

1. c4 Nf6 2. Nc3 e5 3. g3 d5 4. cxd5 Nxd5 5. Bg2 Nb6 6. Nf3 Nc6 7. 0-0 Be7 8. Rb1 0-0 9. b4 Bf5 10. d3 Nd4 11. b5 Nxf3+ 12. Bxf3 Rb8 13. Be3 Be6 14. a4 Qd7 15. a5 Nd5 16. Bxd5 Bxd5 17. Nxd5 Qxd5 18. Qc2 Rfc8 19. Rfc1 h5 20. Bxa7 Ra8 21. Bc5 Bg5 22. Qc4 Qd7 23. Rc2 b6 24. Bb4 bxa5 25. Bc3 Bf6 26. Ra2 a4 27. Rxa4 Rxa4 28. Qxa4 Rb8 29. Qc4 h4 30. Qc5 Qf5 31. Qxc7 Rc8 32. b6 Kh7 33. Qxc8 Qxc8 34. b7 Qb8 35. Ba5 h3 36. Bc7 Qxc7 37. b8Q Qc2 38. Qb2 Qc6 39. Qb7 Qc2 40. Qe4+ g6 41. Rf1 Kg7 42. f4 Qb2 43. Kh1 1-0

[Event "Goa op 1st"]
[Site "Taleigao"]
[Date "2018.10.16"]
[Round "5"]
[White "Bakunts, Rafael"]
[Black "Dhananjay, S."]
[Result "1-0"]
[WhiteElo "2427"]
[BlackElo "2233"]
[PlyCount "73"]
[EventDate "2018.10.13"]
[EventType "swiss"]
[EventRounds "10"]
[EventCountry "IND"]
[SourceTitle "CBM 186 Extra"]
[Source "ChessBase"]
[SourceDate "2018.08.24"]
[SourceVersion "1"]
[SourceVersionDate "2018.08.24"]
[SourceQuality "1"]

1. Nf3 g6 2. e4 Bg7 3. d4 d6 4. Bc4 e6 5. 0-0 Ne7 6. c3 0-0 7. a4 d5 8. exd5 exd5 9. Be2 a5 10. Re1 Nd7 11. Nbd2 Nf6 12. Ne5 Nf5 13. Ndf3 Ne4 14. Nd2 c5 15. Ndf3 cxd4 16. cxd4 Qb6 17. Bd3 Nxd4 18. Bxe4 dxe4 19. Nxd4 Bxe5 20. Rxe4 Bg7 21. Be3 Qd8 22. Qb3 Ra6 23. Re1 Rd6 24. Qc4 Rb6 25. Qc5 Rb4 26. Bg5 Bxd4 27. Qxb4 axb4 28. Bxd8 Bxb2 29. Be7 Re8 30. Bxb4 Be6 31. Bc5 Bc3 32. Rc1 Bd2 33. Rd1 Ba5 34. h3 Rc8 35. Be3 h5 36. Re5 Ra8 37. Rb5 1-0

[Event "Yerevan op 2nd"]
[Site "Yerevan"]
[Date "2017.09.21"]
[Round "3"]
[White "Barseghyan, Armen Ar"]
[Black "Bakunts, Rafael"]
[Result "1-0"]
[WhiteElo "2020"]
[BlackElo "2421"]
[PlyCount "95"]
[EventDate "2017.09.19"]
[EventType "swiss"]
[EventRounds "9"]
[EventCountry "ARM"]
[SourceTitle "CBM 180 Extra"]
[Source "ChessBase"]
[SourceDate "2017.10.06"]
[SourceVersion "1"]
[SourceVersionDate "2017.10.06"]
[SourceQuality "1"]

1. d4 d5 2. c4 c6 3. Nf3 Nf6 4. e3 e6 5. Bd3 dxc4 6. Bxc4 Nbd7 7. 0-0 Bd6 8. Nbd2 0-0 9. e4 e5 10. dxe5 Nxe5 11. Nxe5 Bxe5 12. Nf3 Qc7 13. Qc2 Bd6 14. h3 Nd7 15. Be3 Bf4 16. Rae1 Ne5 17. Nxe5 Qxe5 18. b4 Bxe3 19. Rxe3 Be6 20. Bxe6 Qxe6 21. f4 a5 22. a3 axb4 23. axb4 Rfd8 24. Qc3 Qd6 25. Kh2 Qd2 26. Qb3 Rd4 27. Rb1 Re8 28. Rb2 Qc1 29. e5 g6 30. Rc2 Qf1 31. e6 f6 32. Rf3 Qe1 33. b5 Rb4 34. Qd3 Qxe6 35. bxc6 bxc6 36. Qa6 c5 37. Qxe6+ Rxe6 38. Rxc5 Re7 39. f5 g5 40. Rfc3 Kf7 41. R3c4 Rxc4 42. Rxc4 h5 43. g4 h4 44. Rc6 Re2+ 45. Kg1 Kg7 46. Ra6 Rd2 47. Re6 Kf7 48. Ra6 1-0

[Event "Voronezh op-A 21st"]
[Site "Voronezh"]
[Date "2017.06.15"]
[Round "4"]
[White "Shaposhnikov, Evgeny"]
[Black "Bakunts, Rafael"]
[Result "0-1"]
[WhiteElo "2557"]
[BlackElo "2397"]
[PlyCount "99"]
[EventDate "2017.06.12"]
[EventType "swiss"]
[EventRounds "9"]
[EventCountry "RUS"]
[SourceTitle "CBM 179 Extra"]
[Source "ChessBase"]
[SourceDate "2017.08.23"]
[SourceVersion "1"]
[SourceVersionDate "2017.08.23"]
[SourceQuality "1"]

1. Nf3 d5 2. d4 Nf6 3. c4 c6 4. e3 e6 5. Nbd2 Nbd7 6. b3 Bd6 7. Bb2 0-0 8. Bd3 b6 9. 0-0 Bb7 10. Ne5 c5 11. cxd5 exd5 12. f4 cxd4 13. exd4 Ne4 14. Nxe4 dxe4 15. Bc4 Nf6 16. Qe2 Rc8 17. Rac1 Rc7 18. f5 Kh8 19. a4 Bb4 20. Qe3 Qe7 21. g4 Nd7 22. Nxd7 Qxd7 23. Bb5 Qd6 24. Rxc7 Qxc7 25. f6 g6 26. Bc4 Qd7 27. h3 a6 28. Rf2 b5 29. axb5 axb5 30. Bf1 Re8 31. Bg2 Bd5 32. g5 Bd6 33. Bf1 Rb8 34. Be2 Qc7 35. Kg2 Qa5 36. Bd1 Qb4 37. h4 Bc7 38. h5 gxh5 39. Rf5 Qd6 40. Re5 Qc6 41. g6 fxg6 42. Qg5 e3+ 43. Kg1 Bxe5 44. Qxe5 Qe8 45. Qxd5 e2 46. Bxe2 Qxe2 47. Qf7 Rg8 48. d5 Qxb2 49. Qe6 Rf8 50. Qe5 0-1

[Event "Voronezh op-A 21st"]
[Site "Voronezh"]
[Date "2017.06.12"]
[Round "1"]
[White "Bakunts, Rafael"]
[Black "Novikova, Galina"]
[Result "1-0"]
[WhiteElo "2397"]
[BlackElo "2122"]
[PlyCount "83"]
[EventDate "2017.06.12"]
[EventType "swiss"]
[EventRounds "9"]
[EventCountry "RUS"]
[SourceTitle "EXT 2018"]
[Source "ChessBase"]
[SourceDate "2017.10.13"]
[SourceVersion "1"]
[SourceVersionDate "2017.10.13"]
[SourceQuality "1"]

1. e4 e6 2. d4 d5 3. Nc3 Bb4 4. e5 c5 5. a3 Bxc3+ 6. bxc3 Ne7 7. Qg4 Kf8 8. h4 Qa5 9. Bd2 Qa4 10. h5 h6 11. Qd1 Nbc6 12. Nf3 cxd4 13. Rh4 b6 14. Nxd4 Nxd4 15. cxd4 Ba6 16. Rf4 Ke8 17. Bxa6 Qxa6 18. a4 Qc4 19. c3 Rc8 20. Rb1 g5 21. hxg6 Nxg6 22. Rg4 Kd7 23. Rg3 Rcg8 24. Rb4 Qa6 25. Rb5 Ne7 26. Rxg8 Rxg8 27. Kf1 Rg6 28. Kg1 Qc8 29. a5 Qc6 30. Qb1 Kc7 31. axb6+ axb6 32. Rb4 h5 33. Qd3 Kb7 34. Bc1 Qe8 35. Rb2 Qg8 36. f3 h4 37. Qb5 Qd8 38. Ra2 Nc6 39. Qa6+ Kc7 40. Ba3 Na5 41. Bd6+ Kd7 42. Qb5+ 1-0

[Event "Moscow Aeroflot op-B 16th"]
[Site "Moscow"]
[Date "2017.03.01"]
[Round "9"]
[White "Bakunts, Rafael"]
[Black "Kakabayaev, Mergen"]
[Result "1/2-1/2"]
[WhiteElo "2386"]
[BlackElo "2329"]
[PlyCount "154"]
[EventDate "2017.02.21"]
[EventType "swiss"]
[EventRounds "9"]
[EventCountry "RUS"]
[SourceTitle "CBM 177 Extra"]
[Source "ChessBase"]
[SourceDate "2017.04.27"]
[SourceVersion "1"]
[SourceVersionDate "2017.04.27"]
[SourceQuality "1"]

1. e4 e5 2. Nf3 Nc6 3. Bb5 a6 4. Ba4 Nf6 5. 0-0 Nxe4 6. d4 b5 7. Bb3 d5 8. dxe5 Be6 9. Nbd2 Nc5 10. c3 Be7 11. Bc2 d4 12. Nb3 d3 13. Bb1 Nxb3 14. axb3 Bf5 15. Be3 0-0 16. Re1 Qd7 17. Bd4 Nxd4 18. Nxd4 Bg6 19. Bxd3 Bxd3 20. Qxd3 Bc5 21. Rad1 Rfd8 22. Qc2 Bxd4 23. cxd4 c6 24. f4 g6 25. Rf1 Qa7 26. Qxc6 Rxd4 27. Qxa8+ Qxa8 28. Rxd4 Qa7 29. Rfd1 Qc5 30. b4 Qc2 31. R1d2 Qb1+ 32. Kf2 g5 33. h3 h5 34. fxg5 Qf5+ 35. Kg1 Qxe5 36. h4 Kg7 37. Rd1 Kg8 38. Kh1 Kh7 39. Rd7 Qf4 40. R1d4 Qe3 41. R7d5 Kg8 42. Kh2 Kg7 43. Rd2 Qf4+ 44. g3 Qxb4 45. R5d4 Qb3 46. R4d3 Qc4 47. Rc3 Qe4 48. Rf2 a5 49. Rcf3 Qb4 50. Rf4 Qb3 51. g4 hxg4 52. Rxg4 a4 53. h5 Qe6 54. Rgf4 Kg8 55. h6 Qb3 56. R4f3 Qc4 57. Kg3 Qe6 58. Rf6 Qe5+ 59. Kg4 Qe4+ 60. R6f4 Qd5 61. Rxf7 Qd1+ 62. R7f3 b4 63. Kh4 Qh1+ 64. Kg4 Qd1 65. g6 a3 66. bxa3 bxa3 67. Kg5 Qg1+ 68. Kf4 Qc1+ 69. Re3 Qc7+ 70. Kg4 Qd7+ 71. Kg3 Qd8 72. Ree2 Qg5+ 73. Kh2 Qxh6+ 74. Kg1 Qg5+ 75. Rg2 Qc5+ 76. Kh2 Qh5+ 77. Kg1 Qc5+ 1/2-1/2

[Event "Moscow Aeroflot op-B 16th"]
[Site "Moscow"]
[Date "2017.02.22"]
[Round "2"]
[White "Bakunts, Rafael"]
[Black "Triapishko, Alexandr"]
[Result "1/2-1/2"]
[WhiteElo "2386"]
[BlackElo "2500"]
[PlyCount "98"]
[EventDate "2017.02.21"]
[EventType "swiss"]
[EventRounds "9"]
[EventCountry "RUS"]
[SourceTitle "CBM 177 Extra"]
[Source "ChessBase"]
[SourceDate "2017.04.27"]
[SourceVersion "1"]
[SourceVersionDate "2017.04.27"]
[SourceQuality "1"]

1. e4 e5 2. Nf3 Nc6 3. Bb5 a6 4. Ba4 d6 5. c3 Nf6 6. 0-0 Bd7 7. Re1 g6 8. d4 Bg7 9. Bg5 0-0 10. Nbd2 b5 11. dxe5 Nxe5 12. Bc2 h6 13. Bh4 c5 14. a4 Bc6 15. axb5 axb5 16. Rxa8 Qxa8 17. Nxe5 dxe5 18. Qf3 Nd7 19. Qe3 Qa2 20. Rb1 c4 21. Be7 Ra8 22. Nf1 h5 23. Qd2 Qa6 24. Ne3 Nf6 25. Nd5 Bxd5 26. exd5 Bf8 27. Bxf8 Rxf8 28. d6 Rd8 29. Rd1 Ne8 30. Qe3 Rxd6 31. Qxe5 Rxd1+ 32. Bxd1 Ng7 33. Be2 Qe6 34. Qxe6 Nxe6 35. Kf1 Kf8 36. Bf3 Ke7 37. Ke2 Kd6 38. Ke3 f5 39. g3 Kc5 40. Bd1 b4 41. Ba4 bxc3 42. bxc3 Nc7 43. Kf4 Nd5+ 44. Kg5 Nxc3 45. Bc2 Ne4+ 46. Kxg6 Nxf2 47. Kxh5 Ng4 48. Bxf5 Nxh2 49. g4 Nxg4 1/2-1/2

[Event "Moscow Aeroflot op-B 16th"]
[Site "Moscow"]
[Date "2017.02.21"]
[Round "1"]
[White "Hayrapetyan, Hovik"]
[Black "Bakunts, Rafael"]
[Result "1/2-1/2"]
[WhiteElo "2514"]
[BlackElo "2386"]
[PlyCount "67"]
[EventDate "2017.02.21"]
[EventType "swiss"]
[EventRounds "9"]
[EventCountry "RUS"]
[SourceTitle "CBM 177 Extra"]
[Source "ChessBase"]
[SourceDate "2017.04.27"]
[SourceVersion "1"]
[SourceVersionDate "2017.04.27"]
[SourceQuality "1"]

1. d4 d5 2. c4 c6 3. Nf3 Nf6 4. e3 e6 5. Nc3 Nbd7 6. b3 Bd6 7. Bb2 0-0 8. Be2 b6 9. 0-0 Bb7 10. Qc2 Qe7 11. cxd5 exd5 12. a3 a5 13. Bd3 Rfe8 14. Nd2 Nf8 15. Rfe1 Qc7 16. Nf1 Rad8 17. f3 Ne6 18. Qf2 g6 19. Kh1 Bf8 20. Rad1 Bg7 21. Na4 c5 22. Rc1 Bc6 23. dxc5 Bxa4 24. Bxf6 Bxf6 25. cxb6 Qxb6 26. bxa4 Qb2 27. Qxb2 Bxb2 28. Rc2 Bxa3 29. Rd1 Rc8 30. Rxc8 Rxc8 31. Bb5 Rc5 32. Ng3 Rc3 33. e4 dxe4 34. Nxe4 1/2-1/2

[Event "ARM-ch 1st League 78th"]
[Site "Yerevan"]
[Date "2016.11.01"]
[Round "8"]
[White "Bakunts, Rafael"]
[Black "Babujian, Levon"]
[Result "1-0"]
[WhiteElo "2396"]
[BlackElo "2465"]
[PlyCount "88"]
[EventDate "2016.10.24"]
[EventType "tourn"]
[EventRounds "13"]
[EventCountry "ARM"]
[EventCategory "7"]
[SourceTitle "CBM 175 Extra"]
[Source "ChessBase"]
[SourceDate "2016.12.12"]
[SourceVersion "1"]
[SourceVersionDate "2016.12.12"]
[SourceQuality "1"]

1. e4 c5 2. Nf3 e6 3. d4 cxd4 4. Nxd4 d6 5. Nc3 a6 6. Be3 Nc6 7. Qd2 Nxd4 8. Qxd4 Ne7 9. 0-0-0 Nc6 10. Qb6 Bd7 11. Qxb7 Rb8 12. Qxa6 Be7 13. Bb5 Qc7 14. Bxc6 Bxc6 15. Qa7 Rb7 16. Qa8+ Rb8 17. Qa7 Qc8 18. Bf4 e5 19. Bd2 Ra8 20. Qe3 0-0 21. Kb1 Qa6 22. Qd3 Qa7 23. Qe3 Qa5 24. a3 Qa6 25. Bc1 Rfb8 26. Nd5 Bd8 27. Rd3 Rb5 28. Rhd1 f5 29. exf5 Qb7 30. Nb4 Bb6 31. Qg3 Be8 32. Rxd6 Bd4 33. c3 Bb6 34. Qd3 Kh8 35. Be3 Ba5 36. f3 Qf7 37. g4 Rc8 38. Rd5 Rcb8 39. Qe4 Bxb4 40. cxb4 R5b7 41. Qxe5 Rc8 42. Bc5 Rbb8 43. Qe7 Qg8 44. f6 Ra8 1-0

[Event "ARM-ch 1st League 78th"]
[Site "Yerevan"]
[Date "2016.10.30"]
[Round "7"]
[White "Torosyan, Norayr"]
[Black "Bakunts, Rafael"]
[Result "1/2-1/2"]
[WhiteElo "2386"]
[BlackElo "2396"]
[PlyCount "234"]
[EventDate "2016.10.24"]
[EventType "tourn"]
[EventRounds "13"]
[EventCountry "ARM"]
[EventCategory "7"]
[SourceTitle "CBM 175 Extra"]
[Source "ChessBase"]
[SourceDate "2016.12.12"]
[SourceVersion "1"]
[SourceVersionDate "2016.12.12"]
[SourceQuality "1"]

1. e4 e5 2. Nf3 Nc6 3. Bb5 a6 4. Ba4 Nf6 5. 0-0 Be7 6. d3 b5 7. Bb3 d6 8. a3 0-0 9. Nc3 Bg4 10. Be3 Nd4 11. Bxd4 exd4 12. Nd5 Nd7 13. h3 Bxf3 14. Qxf3 c6 15. Nxe7+ Qxe7 16. Qg3 Nc5 17. Ba2 Na4 18. Rab1 c5 19. f4 Rac8 20. Qf2 Nb6 21. Rbe1 Na4 22. Rb1 Nb6 23. Rfe1 Rfe8 24. e5 Qd7 25. Qf3 Re7 26. Re2 Rce8 27. Rbe1 dxe5 28. fxe5 c4 29. Re4 Qc7 30. dxc4 bxc4 31. Rxd4 Rxe5 32. Rxe5 Qxe5 33. c3 Qc5 34. Kh2 g6 35. Qf4 Nd5 36. Qg5 Qc7+ 37. Qg3 Qb7 38. Bxc4 Ne3 39. Qf2 Kg7 40. Kg1 Re5 41. Rf4 f5 42. Rd4 a5 43. Qd2 Re7 44. a4 Qc7 45. Bb5 Qg3 46. Qf2 Qg5 47. Bc6 Qf6 48. Bf3 g5 49. Qd2 g4 50. hxg4 fxg4 51. Bxg4 Qf1+ 52. Kh2 Qf6 53. Be2 Qg6 54. g3 Qh6+ 55. Kg1 Qh3 56. Rg4+ Nxg4 57. Qg5+ Kf8 58. Qxg4 Qxg4 59. Bxg4 Rb7 60. b4 axb4 61. cxb4 Rxb4 62. Bd7 Ke7 63. Bb5 Rb2 64. Bc4 Kf6 65. a5 Kg5 66. a6 Kg4 67. a7 Rb1+ 68. Kf2 Ra1 69. Be6+ Kg5 70. Kf3 Rxa7 71. Bc8 Ra3+ 72. Kg2 Rc3 73. Bd7 Kf6 74. Kh3 Ke5 75. Kh4 Ke4 76. Be6 Kf3 77. Bd5+ Kf2 78. g4 h6 79. Be6 Rc1 80. Kh5 Kg3 81. g5 hxg5 82. Kxg5 Rc5+ 83. Kf6 Kf4 84. Kg7 Kg5 85. Bg8 Rc7+ 86. Kh8 Kg6 87. Bd5 Rd7 88. Bb3 Rh7+ 89. Kg8 Rh3 90. Bc2+ Kf6 91. Bb1 Rb3 92. Bc2 Rg3+ 93. Kh8 Kf7 94. Be4 Re3 95. Bd5+ Kf8 96. Kh7 Re7+ 97. Kh6 Rd7 98. Bb3 Rd3 99. Bc4 Rg3 100. Bd5 Ke7 101. Kh7 Kf6 102. Kh8 Kg6 103. Be4+ Kh6 104. Bd5 Rd3 105. Bc4 Rd8+ 106. Bg8 Kg5 107. Kg7 Rd7+ 108. Kh8 Kg6 109. Bb3 Rh7+ 110. Kg8 Rb7 111. Bc2+ Kf6 112. Bd3 Rg7+ 113. Kh8 Kf7 114. Bc4+ Kf8 115. Bd3 Rg3 116. Be4 Rh3+ 117. Bh7 Kf7 1/2-1/2

[Event "ARM-ch 1st League 78th"]
[Site "Yerevan"]
[Date "2016.10.24"]
[Round "1"]
[White "Hayrapetyan, Hovik"]
[Black "Bakunts, Rafael"]
[Result "1-0"]
[WhiteElo "2468"]
[BlackElo "2396"]
[PlyCount "61"]
[EventDate "2016.10.24"]
[EventType "tourn"]
[EventRounds "13"]
[EventCountry "ARM"]
[EventCategory "7"]
[SourceTitle "CBM 175 Extra"]
[Source "ChessBase"]
[SourceDate "2016.12.12"]
[SourceVersion "1"]
[SourceVersionDate "2016.12.12"]
[SourceQuality "1"]

1. d4 d5 2. c4 c6 3. cxd5 cxd5 4. Bf4 Nc6 5. e3 Nf6 6. Nc3 Bf5 7. Qb3 Na5 8. Qa4+ Bd7 9. Qc2 e6 10. Bd3 Rc8 11. Nf3 Be7 12. Ne5 Nc6 13. Qe2 0-0 14. 0-0 Qb6 15. Bg5 Qd8 16. Bf4 h6 17. Rfc1 Re8 18. Qd1 a6 19. a3 Bf8 20. b4 b5 21. Ra2 Nxe5 22. dxe5 Nh7 23. Rac2 f5 24. g4 g5 25. Bg3 f4 26. exf4 gxf4 27. Bxf4 Ng5 28. Bg3 Bg7 29. f4 Qb6+ 30. Kg2 d4 31. Ne4 1-0

[Event "Yerevan op 1st"]
[Site "Yerevan"]
[Date "2016.10.08"]
[Round "7"]
[White "Bakunts, Rafael"]
[Black "Kislinsky, Alexey"]
[Result "1/2-1/2"]
[WhiteElo "2396"]
[BlackElo "2456"]
[PlyCount "107"]
[EventDate "2016.10.02"]
[EventType "swiss"]
[EventRounds "9"]
[EventCountry "ARM"]
[SourceTitle "EXT 2017"]
[Source "ChessBase"]
[SourceDate "2016.10.25"]
[SourceVersion "1"]
[SourceVersionDate "2016.10.25"]
[SourceQuality "1"]

1. e4 c5 2. Nf3 Nc6 3. d4 cxd4 4. Nxd4 g6 5. c4 Bg7 6. Be3 Nf6 7. Nc3 0-0 8. Be2 d6 9. 0-0 Bd7 10. Qd2 Nxd4 11. Bxd4 Bc6 12. f3 a5 13. b3 Nd7 14. Be3 Nc5 15. Rab1 e6 16. Rfd1 Be5 17. Bd4 Qe7 18. Qe3 Rad8 19. Bf1 Bxd4 20. Rxd4 e5 21. Rd2 Ne6 22. Rbd1 f5 23. exf5 gxf5 24. a3 f4 25. Qf2 Nd4 26. b4 axb4 27. axb4 Qg7 28. Kh1 b6 29. Bd3 Rf6 30. Ne2 Nxe2 31. Rxe2 Rb8 32. Be4 Bxe4 33. Rxe4 Kh8 34. c5 bxc5 35. bxc5 dxc5 36. Rxe5 Rd6 37. Rde1 Qxe5 38. Rxe5 Rd1+ 39. Re1 Rbb1 40. Rxd1 Rxd1+ 41. Qg1 Rxg1+ 42. Kxg1 Kg7 43. Kf2 Kf6 44. Ke2 Ke5 45. Kd3 Kd5 46. g3 h5 47. gxf4 h4 48. h3 Ke6 49. Kc4 Kf5 50. Kxc5 Kxf4 51. Kd4 Kxf3 52. Kd3 Kg3 53. Ke2 Kxh3 54. Kf1 1/2-1/2

[Event "Yerevan op 1st"]
[Site "Yerevan"]
[Date "2016.10.03"]
[Round "2"]
[White "Gaboyan, Susanna"]
[Black "Bakunts, Rafael"]
[Result "1/2-1/2"]
[WhiteElo "2126"]
[BlackElo "2396"]
[PlyCount "148"]
[EventDate "2016.10.02"]
[EventType "swiss"]
[EventRounds "9"]
[EventCountry "ARM"]
[SourceTitle "EXT 2017"]
[Source "ChessBase"]
[SourceDate "2016.10.25"]
[SourceVersion "1"]
[SourceVersionDate "2016.10.25"]
[SourceQuality "1"]

1. d4 d5 2. c4 c6 3. Nc3 Nf6 4. cxd5 cxd5 5. Nf3 Nc6 6. Bf4 Bf5 7. e3 e6 8. Bd3 Bxd3 9. Qxd3 Bd6 10. Bxd6 Qxd6 11. 0-0 0-0 12. a3 Rfc8 13. b4 Ne7 14. Ne5 Qd8 15. Na4 Nf5 16. Rfc1 Nd6 17. Nc5 Qe8 18. Qb3 Rc7 19. a4 Rac8 20. f3 b6 21. Ncd3 Nc4 22. Kf2 Nxe5 23. dxe5 Nd7 24. Qb2 Rc4 25. b5 h6 26. f4 Qe7 27. Rxc4 dxc4 28. Rc1 Nc5 29. Nxc5 Qxc5 30. Qc3 Qd5 31. Qd4 f6 32. exf6 Qxd4 33. exd4 gxf6 34. Ke3 Kf7 35. Ke4 f5+ 36. Ke3 Ke7 37. Kd2 Kd6 38. Kc3 h5 39. g3 h4 40. Rg1 hxg3 41. Rxg3 Rc7 42. h4 Rh7 43. Rh3 Kd5 44. h5 Ke4 45. Rh4 Kf3 46. Kxc4 Kg3 47. Rh1 Kxf4 48. d5 Rc7+ 49. Kd4 e5+ 50. Kd3 Rc5 51. h6 Rxd5+ 52. Kc4 Rd4+ 53. Kc3 Rd8 54. h7 Rh8 55. Kc4 Kf3 56. Kd5 f4 57. Kxe5 Kg2 58. Rh6 f3 59. Rg6+ Kf1 60. Rg7 f2 61. Kd5 Ke2 62. Re7+ Kd3 63. Rf7 Rxh7 64. Rxf2 Rh4 65. Ra2 Kc3 66. a5 Kb4 67. axb6 axb6 68. Rb2+ Ka5 69. Kc6 Rc4+ 70. Kb7 Rc5 71. Ra2+ Kxb5 72. Rb2+ Ka5 73. Rxb6 Rb5 74. Rxb5+ Kxb5 1/2-1/2

[Event "Yerevan op 1st"]
[Site "Yerevan"]
[Date "2016.10.02"]
[Round "1"]
[White "Bakunts, Rafael"]
[Black "Gasparyan, Mher"]
[Result "1-0"]
[WhiteElo "2396"]
[BlackElo "1894"]
[PlyCount "53"]
[EventDate "2016.10.02"]
[EventType "swiss"]
[EventRounds "9"]
[EventCountry "ARM"]
[SourceTitle "EXT 2017"]
[Source "ChessBase"]
[SourceDate "2016.10.25"]
[SourceVersion "1"]
[SourceVersionDate "2016.10.25"]
[SourceQuality "1"]

1. e4 e6 2. d4 d5 3. Nc3 Nf6 4. e5 Nfd7 5. f4 c5 6. Nf3 Nc6 7. Be3 Be7 8. Qd2 a6 9. dxc5 Nxc5 10. Qf2 Qa5 11. Bd3 Nb4 12. 0-0 Nbxd3 13. cxd3 Nxd3 14. Qd2 Nc5 15. f5 Na4 16. Nxa4 Qxa4 17. f6 gxf6 18. exf6 Bd6 19. Bd4 Bd7 20. Ne5 Rc8 21. Rac1 Qb4 22. Rxc8+ Bxc8 23. Rc1 Bd7 24. Qxb4 Bxb4 25. Rc7 Bd6 26. Rxd7 Bxe5 27. Re7+ 1-0

[Event "Batumi Municipality Cup"]
[Site "Batumi"]
[Date "2016.07.02"]
[Round "1"]
[White "Bakunts, Rafael"]
[Black "Davtyan, Artur"]
[Result "1-0"]
[WhiteElo "2384"]
[BlackElo "2217"]
[PlyCount "49"]
[EventDate "2016.07.02"]
[EventType "swiss"]
[EventRounds "9"]
[EventCountry "GEO"]
[SourceTitle "EXT 2017"]
[Source "ChessBase"]
[SourceDate "2016.10.25"]
[SourceVersion "1"]
[SourceVersionDate "2016.10.25"]
[SourceQuality "1"]

1. e4 c5 2. Nf3 Nc6 3. d4 cxd4 4. Nxd4 Qb6 5. Nb3 Nf6 6. Nc3 e6 7. a3 a6 8. Bf4 h5 9. Be2 Qa7 10. Be3 Qb8 11. f4 d6 12. Bf3 Be7 13. 0-0 Qc7 14. h3 b5 15. e5 dxe5 16. fxe5 Nd7 17. Bxc6 Qxc6 18. Na5 Qc7 19. Qf3 Qxa5 20. Qxf7+ Kd8 21. Qxe6 Re8 22. Qd5 Rb8 23. e6 Rb7 24. Rad1 Bf6 25. Ne4 1-0

[Event "Yerevan Asrian Memorial 9th"]
[Site "Yerevan"]
[Date "2016.06.24"]
[Round "9"]
[White "Petrosyan, Manuel"]
[Black "Bakunts, Rafael"]
[Result "1-0"]
[WhiteElo "2518"]
[BlackElo "2355"]
[PlyCount "139"]
[EventDate "2016.06.16"]
[EventType "swiss"]
[EventRounds "9"]
[EventCountry "ARM"]
[SourceTitle "EXT 2017"]
[Source "ChessBase"]
[SourceDate "2016.10.25"]
[SourceVersion "1"]
[SourceVersionDate "2016.10.25"]
[SourceQuality "1"]

1. d4 d5 2. c4 c6 3. Nc3 Nf6 4. e3 e6 5. b3 Bb4 6. Bb2 Ne4 7. Nge2 Qf6 8. f3 Bxc3+ 9. Bxc3 Nxc3 10. Nxc3 0-0 11. f4 c5 12. cxd5 cxd4 13. Qxd4 Qxd4 14. exd4 exd5 15. Nxd5 Nc6 16. Nc7 Rb8 17. d5 Ne7 18. Be2 Rd8 19. Bf3 Nf5 20. Kf2 Nd6 21. Rac1 b6 22. Rhd1 Bb7 23. a4 Rd7 24. Nb5 Nxb5 25. axb5 Rbd8 26. Bg4 Rd6 27. Rc6 Kf8 28. Rxd6 Rxd6 29. Bf3 Ke7 30. Ke3 a5 31. bxa6 Bxa6 32. Kd4 Rd7 33. Ke5 f6+ 34. Kd4 Kd6 35. Ra1 Bb5 36. Ra8 h6 37. Re8 Rb7 38. Re6+ Kd7 39. h4 Kd8 40. Bh5 Bd7 41. Re3 Ra7 42. Rg3 Bf5 43. Bg6 Bd7 44. Bd3 Be8 45. Bf5 Bb5 46. Be6 Re7 47. Rc3 Rc7 48. d6 Rxc3 49. Kxc3 Bc6 50. g3 Bg2 51. Kc4 Bc6 52. Kb4 Ke8 53. Kc3 Kd8 54. Kc4 Ke8 55. Bd5 Bd7 56. b4 Ba4 57. Be6 Bc6 58. Kd4 Kd8 59. Bf5 Bf3 60. Be4 Bg4 61. Kc4 Bd7 62. Kd5 Kc8 63. Bd3 Kd8 64. Be2 Kc8 65. Ba6+ Kb8 66. b5 g6 67. f5 Bxf5 68. Kc6 Be4+ 69. Kd7 g5 70. Ke7 1-0